| 000 | 00447nam a2200169 4500 | ||
|---|---|---|---|
| 001 | 111304 | ||
| 003 | ES-MaACL | ||
| 005 | 20230906185259.0 | ||
| 007 | t| | ||
| 008 | 061121s1972 sp r ||||1| spa d | ||
| 100 | 1 |
_aOliván, Enrique. _986742 |
|
| 245 | 1 | 0 |
_aContamos con los dedos / _cEnrique Olivan. |
| 250 | _a1ª. ed. | ||
| 260 |
_aBarcelona : _bPenínsula, _c1972. |
||
| 300 |
_a154 p. ; _c19 cm. |
||
| 852 |
_aES-MaACL _jC-53203 _bR.84220 |
||
| 999 |
_c111304 _d111304 |
||